00409nam a2200145Ia 450000100060000000800410000602000180004704000130006508200200007810000220009824501040012026000090022454600070023370000230024012843140401s9999 xx 000 0 und d a0-399-14294-0 cPK-LaUMT a 658.409bCOO-E aCooper, Robert K. aExecutive EQ : Emotional intelligence in leadership and orgacCooper, Robert K.<>Sawaf, Ayman, J.T. c1996 aEN aSawaf, Ayman, J.T.